000 00817nam a2200229 a 4500
001 000037909
003 DO-SdBNP
005 20250307090051.0
008 130308s2012 dr 000 0 spa d
020 _a9789945006247
040 _aDO-SdBNP
_bspa
_cBNPHU
082 _aRD865.44
_bB171j
100 1 _a Balaguer, Joaquín,
_d1906-2002
_976556
245 1 0 _aJoaquín Balaguer en la Academia Dominicana de Historia /
_cedición al cuidado de Cándido Gerón.
260 _aSanto Domingo :
_bFundación Joaquín Balaguer,
_c2012.
300 _a53 p. ;
_c23 cm.
500 _aIncluye datos biográficos del autor en las solapas
590 _aInventariado, 2019/MFF
600 1 0 _a Balaguer, Joaquín,
_d1906-2002
_xEnsayos, conferencias, etc.
_976556
910 _aValidado. Control de calidad MFF
942 _2ddc
_cLBS1
999 _c37399
_d37399